书目信息 |
| 题名: |
汽车制造工艺基础
|
|
| 作者: | 谢永东 主编 | |
| 分册: | ||
| 出版信息: | 北京 机械工业出版社 2016.2 |
|
| 页数: | 133页 | |
| 开本: | 26cm | |
| 丛书名: | ||
| 单 册: | ||
| 中图分类: | U466 | |
| 科图分类: | ||
| 主题词: | 汽车--生产工艺--高等职业教育--教材 | |
| 电子资源: | ||
| ISBN: | 978-7-111-45515-8 | |
| 000 | 00829nam0 2200253 450 | |
| 001 | 0400001930 | |
| 005 | 20171025154444.50 | |
| 010 | @a978-7-111-45515-8@dCNY38.00 | |
| 100 | @a20141102e2016 em y0chiy50 ea | |
| 101 | 0 | @achi |
| 102 | @aCN@b110000 | |
| 105 | @aa z 000yy | |
| 106 | @ar | |
| 200 | 1 | @a汽车制造工艺基础@9qi che zhi zao gong yi ji chu@f谢永东主编 |
| 205 | @a第2版 | |
| 210 | @a北京@c机械工业出版社@d2016.2 | |
| 215 | @a133页@c图@d26cm | |
| 300 | @a“十二五”职业教育国家规划教材 | |
| 330 | @a本书主要介绍汽车制造四大工艺相关基础知识和岗位操作技能,内容包括汽车制造装备、车身冲压、白车身焊接、车身涂装和汽车总装。 | |
| 606 | 0 | @a汽车@x生产工艺@x高等职业教育@j教材 |
| 690 | @aU466@v5 | |
| 701 | 0 | @a谢永东@9xie yong dong@4主编 |
| 801 | 0 | @aCN@b91MARC@c20171019 |
| 905 | @b1026006-10@dU466@f5@e489=2 | |
| 汽车制造工艺基础/谢永东主编.-第2版.-北京:机械工业出版社,2016.2 |
| 133页:图;26cm |
| “十二五”职业教育国家规划教材 |
| ISBN 978-7-111-45515-8:CNY38.00 |
| 本书主要介绍汽车制造四大工艺相关基础知识和岗位操作技能,内容包括汽车制造装备、车身冲压、白车身焊接、车身涂装和汽车总装。 |
| ● |
| 相关链接 |
|
|
|
|
正题名:汽车制造工艺基础
索取号:U466/489=2
 
预约/预借
| 序号 | 登录号 | 条形码 | 馆藏地/架位号 | 状态 | 备注 |
| 1 | 1026006 | 210260064 | 第二样本阅览室/ [索取号:U466/489=2] | 在馆 | |
| 2 | 1026007 | 210260073 | 密集书库-物理学院/ [索取号:U466/489=2] | 在馆 | |
| 3 | 1026008 | 210260082 | 第三借阅区/ [索取号:U466/489=2] | 在馆 | |
| 4 | 1026009 | 210260091 | 第三借阅区/ [索取号:U466/489=2] | 在馆 | |
| 5 | 1026010 | 210260108 | 第三借阅区/ [索取号:U466/489=2] | 在馆 |